01089nam a22001937a 4500003000900000008004100009040007100050082004500121110005500166245006800221260003800289300002900327440005700356505036700413650002600780650002100806650001300827710005500840AR-CdUCM190425b ||||| |||| 00| 0 spa d aMUNICIPALIDAD PROVINCIAL DEL CUSCOcBIBLIOTECA MUNICIPAL DEL CUSCO aRev.Univ/N°28/1919bRev.Univ/N°28/1919 aUniversidad Nacional de San Antonio Abad del Cusco aRevista Universitaria :bÓrgano de la Universidad del Cuzco / aCusco :bEl Trabajo,cjunio,1919. a110 páginas. :c20 cm. aRevista UniversitarianAño VIII, junio 1919, N°28 aContenido: Contribución a la flora del departamento del Cuzco. Fortunato L. Herrera. -- El Dr. Palacios en la Universidad del Cuzco. Discurso de ofrecimiento por el Br. José Ignacio Ferro. Discurso de orden por el catedrático de letras José Gabriel Cosio. La palabra del Dr. Palacios. Versos quechuas por el señor José F.Silva. Programa de la fiesta. aBotánica cusqueña aFlora cusqueña aSiglo XX aUniversidad Nacional de San Antonio Abad del Cusco